[Event "CAT-chT 2020"]
[Site "Catalonia"]
[Date "2020.02.01"]
[Round "3.4"]
[White "Banos, Oscar"]
[Black "Chueca Forcen, Alberto"]
[Result "0-1"]
[WhiteElo "2227"]
[BlackElo "2358"]
[Annotator "TA"]
[PlyCount "102"]
[EventDate "2020.01.18"]
[EventType "team-tourn"]
[EventCountry "ESP"]
[SourceTitle "playchess.com"]
[Source "ChessBase"]
[SourceQuality "1"]

{[%evp 18,102,0,-10,-8,-48,7,1,20,14,44,33,31,43,27,38,171,171,173,170,179,181,158,168,286,279,313,112,387,404,408,290,311,308,293,293,316,300,325,308,372,363,413,405,348,304,327,302,355,356,333,121,119,120,183,101,110,105,123,0,114,118,116,104,105,87,106,0,0,0,44,0,0,-8,-10,-272,-262,-352,-347,-389,-363,-880,-843,-614,-744,-698,-697]} 1. c4 e5 2. Nc3 Nc6 3. g3 g6 4. Bg2 Bg7 5. e4 d6 6. Nge2 f5 7. d3 Nf6 8. O-O O-O 9. h3 Be6 10. Nd5 Qd7 {A26: English Opening vs King's Indian with ...Nc6 and d3} 11. Kh2 Rae8 (11... f4 $15) 12. Be3 Nd8 {The position is equal.} 13. Rc1 {[#]} c6 $146 ({Predecessor:} 13... Kh8 14. Qd2 c5 15. Nxf6 Bxf6 16. exf5 gxf5 17. f4 b6 18. b4 Rg8 19. bxc5 bxc5 20. Rf2 Nc6 {½-½ (20) Jaracz,P (2503)-Yilmaz,M (2585) Germany 2015}) 14. Nxf6+ Bxf6 15. exf5 Bxf5 16. d4 e4 (16... h5 $14) 17. g4 $18 Be6 18. d5 Be5+ 19. Ng3 Bf7 20. Bh6 (20. Bxa7 b5 $11) 20... Qe7 (20... b5 $142 21. b3 (21. Bxe4 Bxg3+ 22. fxg3 Rxe4 $11) (21. Bxf8 Kxf8 22. f4 exf3 $16) 21... bxc4) 21. Qd2 (21. Bxf8 $6 Rxf8 22. Re1 (22. Bxe4 cxd5 23. f4 dxe4 $16) 22... Bxb2 $18) 21... Qf6 22. g5 $2 ({Much less strong is} 22. Bxe4 Bxb2 23. Rc2 Bd4 $18) (22. Bxf8 Bf4 $16) (22. b3 $18 {has better winning chances.}) 22... Qe7 $2 {[%mdl 8192]} (22... Qf4 $16 23. Rcd1 e3 24. Qxe3 Qxe3 25. fxe3 Bxg3+ 26. Kxg3 Rxe3+ 27. Kh2 Rfe8) 23. Rce1 b5 24. b3 bxc4 25. bxc4 cxd5 26. cxd5 Nb7 27. Rxe4 ({Resist} 27. Bxf8 Qxf8 28. Rxe4 Nc5 $18) 27... Nc5 28. Ree1 {Hoping for f4.} Qc7 29. Bxf8 Rxf8 30. f4 Bg7 31. Ne4 Nxe4 32. Bxe4 Qc4 33. Bg2 Bc3 34. Rc1 $2 (34. Qc2 $18 {is more deadly.} Qc5 35. Re7) 34... Qxf1 $16 35. Rxc3 Qb5 {[#]} (35... Qa6 $16 {was called for.} 36. Rc7 Re8) 36. Qd3 (36. Rc6 $1 $18) 36... Qb2 37. Qc2 Qb5 38. Qd3 Qb2 $1 39. Rc2 Qb4 40. Qc4 Qa3 41. h4 Re8 42. Re2 (42. Qd4 $16) 42... Rxe2 $11 43. Qxe2 Qc5 44. Qe4 Qf2 45. f5 (45. h5 {is more complex.} Qh4+ 46. Bh3 Qxh5 47. Kg2 h6 48. Be6) 45... gxf5 46. Qf3 $2 {[%mdl 8192]} (46. Qc4 $1 $11 {and White is okay.}) 46... Qxh4+ $19 {[%mdl 64] [#] Double Attack} 47. Bh3 f4 ({Not} 47... Qxg5 48. Bxf5 Qd2+ 49. Kg3 $19) 48. Qg2 Bh5 49. Kg1 $2 (49. a3) 49... Qe1+ {Black is clearly winning.} 50. Kh2 f3 51. Qg3 f2 {Accuracy: White = 58%, Black = 58%.} 0-1

[Event "CAT-chT 2020"]
[Site "Catalonia"]
[Date "2020.02.01"]
[Round "3.5"]
[White "Grafl, Florian"]
[Black "Serra Pages, Jordi"]
[Result "1-0"]
[WhiteElo "2353"]
[BlackElo "2240"]
[Annotator "TA"]
[PlyCount "40"]
[EventDate "2020.01.18"]
[EventType "team-tourn"]
[EventCountry "ESP"]
[SourceTitle "playchess.com"]
[Source "ChessBase"]
[SourceQuality "1"]

{[%evp 9,40,32,35,45,36,35,70,67,70,43,48,43,52,50,50,35,53,43,37,36,43,22,80,-11,-9,-18,-9,-13,-18,-37,-16,-22,7]} 1. Nc3 {[%cal Bb1c3,Bc3e2,Be2g3,Bg3e4][%mdl 32]} d5 2. e4 Nf6 3. e5 d4 4. Nce2 Ng4 5. f4 h5 6. Nf3 {B02: Alekhine's Defence: Chase Variation and lines with early Nc3} c5 7. Ng3 h4 8. Ne4 {White is slightly better.} Qd5 9. Bb5+ Bd7 $1 {[%cal Rd7b5]} 10. Bxd7+ Nxd7 {[#]} ({Of course not} 10... Kxd7 11. Qe2 $16) 11. Nfg5 $146 ({Predecessor:} 11. Qe2 h3 12. gxh3 Rxh3 13. d3 Rh8 14. Bd2 O-O-O 15. c4 dxc3 16. Nxc3 Qc6 17. O-O-O e6 18. Ng5 Nh6 19. Qe4 {½-½ (19) Vesselovsky,S (2377)-Chovanec,M (2194) Tatranske Zruby 2008}) 11... Ngf6 12. d3 Nxe4 13. dxe4 Qc6 $1 14. e6 $1 {[%cal Re6d7]} fxe6 15. Qg4 Nf6 {[#]} (15... h3 $11) 16. Qxe6 (16. Qh3 $1 $16) 16... Qxe6 $11 17. Nxe6 {Strongly threatening Nc7+.} Rc8 18. e5 Nd5 19. O-O Rc6 20. Ng5 g6 {[%mdl 32768] Accuracy: White = 76%, Black = 74%. . Loss on time!?} 1-0

[Event "CAT-chT 2020"]
[Site "Catalonia"]
[Date "2020.02.01"]
[Round "3.5"]
[White "Gutierrez Clares, Joaquim"]
[Black "Matnadze, Ana"]
[Result "0-1"]
[WhiteElo "2253"]
[BlackElo "2412"]
[Annotator "TA"]
[PlyCount "46"]
[EventDate "2020.01.18"]
[EventType "team-tourn"]
[EventCountry "ESP"]
[SourceTitle "playchess.com"]
[Source "ChessBase"]
[SourceQuality "1"]

{[%evp 16,68,4,16,17,0,0,0,0,0,0,0,0,-8,0,-4,-8,-46,-12,-40,-37,-60,15,20,22,37,22,0,0,0,0,-32,-11,-11,0,0,14,0,0,-10,-29,-66,-23,-36,-43,-37,26,-16,-11,-94,-91,-99,-77,-585,-584]} 1. d4 Nf6 2. c4 e6 3. Nf3 d5 4. Nc3 b6 5. a3 Bb7 6. cxd5 exd5 7. g3 Bd6 8. Bg2 O-O 9. O-O Nbd7 {[#] was the old line (9...Re8). E12: Queen's Indian: Unusual White 4th moves, 4 a3, 4 Nc3 Bb7 5 a3 and 4 Nc3 Bb7 .} 10. b4 $146 ({Predecessor:} 10. Nb5 Be7 11. Bf4 Ne8 12. Rc1 c6 13. Nc3 Nd6 14. Bxd6 Bxd6 15. e4 dxe4 16. Nxe4 Be7 17. Qc2 c5 18. Rfd1 Rc8 19. dxc5 Bxe4 20. Qxe4 Rxc5 {1-0 (42) Rozum,I (2535)-Dvoirys,S (2557) Kazan 2014}) 10... Ne4 11. Qb3 Ndf6 {The position is equal.} 12. Nb5 Qd7 13. Nxd6 cxd6 14. a4 Rfc8 15. Bd2 Rc4 16. Rfd1 a5 17. bxa5 bxa5 18. Rdb1 Nxd2 (18... Bc6 $15) 19. Nxd2 $11 Rb4 20. Qa3 Rxb1+ 21. Rxb1 (21. Nxb1 {is interesting.} Bc6 22. Qb3 Qa7 23. e3 Rb8 24. Qc2) 21... Bc6 22. Ra1 Rb8 23. Nb1 Ne4 {Played: Rb8-b4} 0-1

[Event "CAT-chT 2020"]
[Site "Catalonia"]
[Date "2020.02.01"]
[Round "3.6"]
[White "Fernandez Diaz, Cristian"]
[Black "Fernandez Madrid, Carlos"]
[Result "1-0"]
[WhiteElo "2354"]
[BlackElo "2128"]
[Annotator "TA"]
[PlyCount "59"]
[EventDate "2020.01.18"]
[EventType "team-tourn"]
[EventCountry "ESP"]
[SourceTitle "playchess.com"]
[Source "ChessBase"]
[SourceQuality "1"]

{[%evp 9,59,-3,-2,-12,10,7,19,12,36,42,37,41,50,29,50,50,41,50,49,48,137,114,121,117,133,101,120,83,145,125,129,124,162,151,139,140,194,183,198,188,195,183,177,190,180,171,452,441,783,772,751,652]} 1. d4 Nf6 2. Nc3 d5 3. Bf4 c6 4. e3 g6 5. h4 Bg7 6. Bd3 {D00: 1 d4 d5: Unusual lines} b5 7. Nf3 Bg4 {[#]} 8. Qd2 $146 {The position is equal.} ({Predecessor:} 8. Be2 Qa5 9. Nd2 Bxe2 10. Qxe2 Nbd7 11. a3 Qb6 12. a4 b4 13. a5 Qd8 14. Nd1 {½-½ (84) Sonis,F (2445)-Loiacono,A (2182) Chianciano Terme 2018}) 8... Nbd7 (8... Bxf3 $5 9. gxf3 Nh5 $11) 9. Ne5 Nxe5 10. Bxe5 Nh5 11. Bh2 Bd7 12. f3 $36 {[%mdl 2048] White has good play.} f5 13. O-O-O O-O 14. Rdg1 f4 (14... Qc8 $14) 15. Ne2 {[%cal Re3f4]} c5 16. dxc5 {[%cal Re3f4]} e5 17. exf4 exf4 18. Kb1 Qf6 {[#]} ({Black should play} 18... a5) 19. c3 $1 $16 a5 20. Rc1 Rac8 21. Bg1 Qf7 22. Bd4 Rfe8 (22... Bxd4 $16 23. Nxd4 (23. cxd4 b4 $14) 23... Rxc5) 23. Bxg7 $18 Kxg7 24. Nd4 Rxc5 25. Rce1 Rxe1+ 26. Rxe1 ({Don't play} 26. Qxe1 $6 Ng3 $14) 26... Qf6 27. Qf2 {Hoping for Ne6+!} Kh6 $2 (27... Kh8 {might work better.} 28. Qe2 Kg8) 28. Ne6 {[%mdl 64] [#] Discovered Attack. White is clearly winning.} Rc8 (28... Bxe6 $142 29. Qxc5 Ng7) 29. g4 {Threatening mate with g5+.} fxg3 30. Qd2+ {Accuracy: White = 91%, Black = 59%.} 1-0

[Event "CAT-chT 2020"]
[Site "Catalonia"]
[Date "2020.02.01"]
[Round "3.6"]
[White "Ibanez Tarradellas, Eduardo"]
[Black "Vehi Bach, Victor Manuel"]
[Result "1/2-1/2"]
[WhiteElo "2175"]
[BlackElo "2316"]
[Annotator "RC"]
[PlyCount "55"]
[EventDate "2020.01.18"]
[EventType "team-tourn"]
[EventCountry "ESP"]
[SourceTitle "playchess.com"]
[Source "ChessBase"]
[SourceQuality "1"]
[TimeControl "5400+30"]

1. d4 {[%emt 0:00:00]} Nf6 {[%emt 0:00:00]} 2. Bg5 {[%emt 0:00:00]} d5 {[%emt 0:00:00]} 3. Nd2 {[%emt 0:00:13]} c5 {[%emt 0:00:54]} 4. Bxf6 {[%emt 0:04:35]} gxf6 {[%emt 0:01:37]} 5. dxc5 {[%emt 0:02:12]} Qa5 {[%emt 0:12:46]} 6. c3 {[%emt 0:03:39]} Qxc5 {[%emt 0:00:27]} 7. e4 {[%emt 0:02:26]} dxe4 {[%emt 0:05:08]} 8. Nxe4 {[%emt 0:00:11]} Qe5 {[%emt 0:13:37]} 9. Qe2 {[%emt 0:00:56]} Bf5 {[%emt 0:09:34]} 10. Ng3 {[%emt 0:02:48]} Bg6 {[%emt 0:00:38]} 11. Nf3 {[%emt 0:07:51]} Qxe2+ {[%emt 0:00:10]} 12. Bxe2 {[%emt 0:00:12]} Nc6 {[%emt 0:00:59]} 13. O-O {[%emt 0:01:30]} e6 {[%emt 0:05:46]} 14. Rad1 {[%emt 0:01:03]} Be7 {[%emt 0:01:13]} 15. Rd2 {[%emt 0:07:05]} f5 {[%emt 0:05:59]} 16. Rfd1 {[%emt 0:01:30]} f4 {[%emt 0:00:24]} 17. Nf1 {[%emt 0:00:38]} Rd8 {[%emt 0:00:08]} 18. Rxd8+ {[%emt 0:03:15]} Bxd8 {[%emt 0:02:38]} 19. Bb5 {[%emt 0:00:19]} Bf6 {[%emt 0:08:01]} 20. Nd4 {[%emt 0:02:44]} Bxd4 {[%emt 0:00:56]} 21. Rxd4 {[%emt 0:07:07]} e5 {[%emt 0:00:30]} 22. Rd5 {[%emt 0:05:23]} f6 {[%emt 0:00:30]} 23. f3 {[%emt 0:04:12]} Ke7 {[%emt 0:04:36]} 24. Bxc6 {[%emt 0:02:02]} bxc6 {[%emt 0:00:02]} 25. Ra5 {[%emt 0:00:13]} Ra8 {[%emt 0:02:57]} 26. Kf2 {[%emt 0:01:47]} Kd6 {[%emt 0:00:43]} 27. Nd2 {[%emt 0:01:49]} Kc7 {[%emt 0:00:12]} 28. Ne4 {[%emt 0:00:39]} 1/2-1/2

[Event "CAT-chT 2020"]
[Site "Catalonia"]
[Date "2020.02.01"]
[Round "3.7"]
[White "Barbero Sendic, Alejandro"]
[Black "Parals Marce, Luis"]
[Result "1-0"]
[WhiteElo "2308"]
[BlackElo "2014"]
[Annotator "TA"]
[PlyCount "99"]
[EventDate "2020.01.18"]
[EventType "team-tourn"]
[EventCountry "ESP"]
[SourceTitle "playchess.com"]
[Source "ChessBase"]
[SourceQuality "1"]

{[%evp 9,99,60,77,31,46,35,20,26,36,26,75,32,84,42,54,52,71,59,77,80,79,86,79,62,81,68,87,81,122,86,80,64,77,65,178,177,183,186,181,169,183,159,166,159,163,147,176,156,198,185,194,158,191,129,176,127,189,134,127,113,180,177,211,204,202,75,95,79,129,79,254,33,12,15,53,18,43,0,735,722,737,734,729,727,705,551,700,688,733,564,562,523]} 1. e4 d6 2. d4 Nf6 3. Nc3 e5 4. Nge2 Nc6 5. d5 Ne7 {[#]} 6. Ng3 $146 {B07: Pirc Defence: Miscellaneous Systems} ({Predecessor:} 6. f3 c6 7. Bg5 Ng6 8. Qd2 h6 9. Be3 Be7 10. O-O-O cxd5 11. Nxd5 Nxd5 12. Qxd5 O-O {1-0 (44) Li,R (2550)-Kadric,D (2583) Dallas 2016}) 6... g6 7. h4 h5 8. Bg5 {The position is equal.} Bg7 9. Qd2 Nh7 10. Be3 (10. Bh6 $5 {[%cal Rh6g7]} O-O 11. Bd3 $11) 10... Ng8 (10... Nf6 $14) 11. Nge2 Nhf6 12. f3 Bh6 13. O-O-O Bd7 14. Bxh6 Nxh6 15. Kb1 b5 {White must now prevent ...b4.} 16. Ng3 Rb8 17. Nce2 {[%cal Bc3e2,Be2c1,Bc1d3][%mdl 32]} Rb6 18. Nc1 b4 19. Nd3 a5 20. Be2 Bb5 21. Nf1 (21. Rc1 {keeps more tension.} Kf8 22. c4 bxc3 23. Rxc3 Kg7 24. Rhc1) 21... Bxd3 (21... Nhg8 $14) 22. cxd3 $18 (22. Bxd3 $6 Rb8 $16) (22. Qxd3 $6 a4 $16) 22... Nd7 23. Ne3 Rb8 24. g4 Ng8 25. gxh5 Rxh5 26. Ng2 Rh7 27. f4 Ngf6 28. fxe5 dxe5 29. Rc1 Kf8 30. Rhf1 Ne8 31. Qe3 (31. Bd1 $18) 31... Rb6 32. Qg3 Qe7 {[#]} (32... a4 $16) 33. Rh1 ({Better is} 33. h5 $1 $18 {[%mdl 512]}) 33... Ndf6 34. Ne3 Nd6 {[#]} (34... Nh5 $16 35. Bxh5 Rxh5) 35. h5 $1 {[%mdl 512]} gxh5 (35... Nxh5 36. Bxh5) 36. Rcg1 Ke8 37. Nc4 (37. Qh2 $18 {is more deadly.}) 37... Nxc4 $16 38. dxc4 Kd8 39. Qe3 {aiming for c5.} Ne8 $2 (39... c5 $16 {keeps fighting.}) 40. d6 $2 (40. Bxh5 Rbh6 $11) ({Much less strong is} 40. Rxh5 $6 Rxh5 41. Bxh5 Qf6 $16) (40. c5 $18 Rg6 41. d6 (41. Rxh5 Rxg1+ 42. Qxg1 Rxh5 $15) 41... cxd6 42. Rxg6 fxg6 43. cxd6 Nxd6 44. Rd1) 40... Rxd6 $14 41. Qa7 $36 {[%mdl 2048] And now c5 would win. White has the initiative.} Qe6 42. Rg8 Ke7 $1 43. c5 Rd2 $2 {[%mdl 8192]} (43... Rd8 $11 44. Bb5 (44. Qxa5 Qc6 $17) 44... Qc8) 44. Bb5 $18 {White is clearly winning.} Nf6 45. Qxc7+ Rd7 46. Bxd7 Qxd7 47. Qxe5+ Qe6 48. Rg5 Nd7 49. Qxe6+ Kxe6 50. Rhxh5 {Accuracy: White = 66%, Black = 51%.} 1-0

[Event "CAT-chT 2020"]
[Site "Catalonia"]
[Date "2020.02.01"]
[Round "3.7"]
[White "Campins Machado, Francesc"]
[Black "Mellado Trivino, Juan"]
[Result "0-1"]
[WhiteElo "2129"]
[BlackElo "2349"]
[Annotator "TA"]
[PlyCount "82"]
[EventDate "2020.01.18"]
[EventType "team-tourn"]
[EventCountry "ESP"]
[SourceTitle "playchess.com"]
[Source "ChessBase"]
[SourceQuality "1"]

{[%evp 9,98,0,0,0,2,0,35,0,20,19,18,10,10,14,23,16,22,27,35,32,32,27,29,5,12,-49,-35,-32,-20,-15,-7,-47,-50,-42,-45,-47,-49,-46,-39,-56,74,-57,-63,-65,-54,-60,-12,-64,-67,-113,-73,-106,-110,-443,-392,-385,-370,-369,-290,-368,-348,-402,-384,-465,-459,-727,-720,-785,-780,-779,-762,-1107,-1032,-1108,-1060,-1265,-1264,-1104,-1251,-1218,-1149,-1112,-1093,-1093,-1089,-1065,-1063,-1031,-995,-969,-958]} 1. Nf3 d5 2. c4 dxc4 3. Qa4+ Nc6 4. g3 Nf6 5. Bg2 Bd7 6. Qxc4 {A09: Réti Opening: 1 Nf3 d5 2 c4.} e5 7. O-O Bd6 (7... Be6 {looks sharper.} 8. Qc2 Bd6 9. b3 O-O 10. Bb2 Qd7) 8. d3 {White is slightly better.} (8. d4 {feels hotter.} Be6 9. Qb5 a6 10. Qa4 Bd7 11. dxe5 Nxe5 12. Qb3) 8... h6 9. a3 O-O 10. Nbd2 {[#]} a5 $146 ({Predecessor:} 10... Qe7 11. Ne4 Nxe4 12. Qxe4 Na5 13. Nh4 Nb3 14. Rb1 Nxc1 15. Rbxc1 Bc6 16. Qc4 Bxg2 17. Kxg2 {0-1 (60) Valle,E (2209)-Manrique,F (2038) Bogota 2014}) 11. b3 Qe7 12. Bb2 Rfe8 13. Qc2 Qe6 14. Nc4 Qf5 15. Nh4 Qh5 16. Bf3 Bg4 17. Ne3 (17. Kg2 $11) 17... Bxf3 $15 18. Nxf3 Qh3 19. Qc4 Rad8 20. Qh4 Qxh4 21. Nxh4 Nd4 22. Bxd4 $1 exd4 23. Nc4 $1 b6 24. Rfe1 Nd5 (24... Bf8 $15 {keeps the upper hand.}) 25. Nf5 (25. Nxd6 $16 Rxd6 26. Nf5 {[%mdl 64] Double Attack}) 25... Bc5 26. Kf1 Nc3 27. Rac1 Rd5 (27... g6 $5 {[%cal Rg6f5]} 28. Nh4 b5 29. Nxa5 Bxa3 $15) 28. g4 (28. e4 $11 Rdd8 29. f4) 28... g6 29. Ng3 Bf8 30. e4 Rb5 $36 {[%mdl 2048] Black is in control.} 31. Ne3 $2 {[%mdl 8192]} (31. Ne2 $17 {is more resistant.} Nxe2 32. Kxe2) 31... Rxb3 32. Nc2 Bc5 33. Ne2 Na4 34. Ncxd4 Rxd3 35. Nb5 Rxe4 36. Nxc7 Rf3 {Black is clearly winning.} 37. Rxc5 (37. Kg1 $142) 37... Nxc5 $19 38. Kg2 Rxa3 39. Nd5 Kg7 {[#] And now ...Nd3 would win.} 40. f3 Re5 41. Ndf4 a4 {Played: Ra3-e3} 0-1

[Event "CAT-chT 2020"]
[Site "Catalonia"]
[Date "2020.02.01"]
[Round "3.8"]
[White "Morros Faura, Ricard"]
[Black "Fernandez Serrano, Pau"]
[Result "1-0"]
[WhiteElo "2242"]
[BlackElo "2056"]
[Annotator "TA"]
[PlyCount "91"]
[EventDate "2020.01.18"]
[EventType "team-tourn"]
[EventCountry "ESP"]
[SourceTitle "playchess.com"]
[Source "ChessBase"]
[SourceQuality "1"]

{[%evp 11,91,59,55,39,41,35,71,36,44,42,64,56,64,57,142,146,330,282,267,262,306,303,304,313,297,118,383,377,420,399,391,393,372,379,345,153,175,168,794,671,654,543,927,946,911,878,1112,820,1189,1167,1100,1059,1376,1357,2300,2193,1856,331,347,334,703,701,651,437,425,414,426,392,427,408,549,540,955,858,1215,1208,1169,1150,1123,974,937,877]} 1. e4 g6 2. d4 Bg7 3. Nc3 d6 4. f4 a6 5. Nf3 b5 6. Bd3 Nd7 7. a4 {B06: Modern Defence} b4 8. Ne2 Ngf6 9. O-O {White is better.} O-O {[#]} 10. Qe1 $146 ({Predecessor:} 10. e5 Nd5 11. Ng3 c5 12. Be4 e6 13. Bd2 Rb8 14. c4 bxc3 15. bxc3 Qc7 16. a5 {1-0 (40) Idani,P (2568)-Dzhumaev,M (2493) Al Ain 2015}) 10... Bb7 11. Ng3 a5 12. e5 $36 {[%mdl 2048] White fights for an advantage.} Nd5 ({Black should play} 12... dxe5 $1 $14 13. fxe5 Nd5) 13. e6 $1 $16 N7b6 $2 (13... fxe6 $16 {might work better.} 14. Qxe6+ Kh8) 14. exf7+ Rxf7 {[#]} 15. f5 $1 Qd7 {[%cal Rg6f5]} 16. fxg6 hxg6 17. Bxg6 Rf6 18. Qe4 $2 (18. Be4 $18 {is the precise move to win.}) 18... Raf8 $2 {[%mdl 8192]} (18... Ne3 $16 19. Bh7+ (19. Qxe3 Rxg6 20. Nh4 Rg4 $16) 19... Kh8 20. Qxe3 (20. Qxb7 Nxf1 21. Nh5 Nxh2 $14) 20... Kxh7) 19. Nh5 $18 c5 20. Bh7+ Kh8 {Threatens to win with ...R6f7.} 21. Qh4 ({And not} 21. Nxg7 Nf4 $15) 21... Rxf3 22. Rxf3 Bxd4+ {[#]} 23. Kf1 (23. Kh1 $1 $18 {and the rest is easy.} Rxf3 24. gxf3) 23... Rxf3+ 24. gxf3 e6 $2 (24... Bc8 25. Nf4 Kg7) 25. Bd3 {White threatens Nf6+ and mate.} Kg8 26. Qg5+ Kh8 27. Qh6+ Kg8 28. Qg6+ Kh8 29. Ke2 c4 30. Be4 Ba6 31. Kd1 c3 32. b3 Bc8 33. Bg5 Ba6 34. Bd3 $2 (34. Ke1) 34... Bxd3 35. Qxd3 Bg7 $2 (35... e5 36. Qg6 Qh7 37. Qe8+ (37. Bf6+ Nxf6 38. Qxf6+ {[%mdl 64] Double Attack} Kg8 $18) 37... Qg8 38. Qxg8+ Kxg8) 36. Qg6 Bd4 37. Ke2 Qh7 38. Qe8+ Qg8 39. Qxg8+ Kxg8 40. Rd1 Bh8 41. Bd8 {White is clearly winning.} Be5 {[#]} 42. f4 $1 Bh8 (42... Nxf4+ 43. Nxf4) 43. Bxb6 Nxb6 44. Rxd6 {[%mdl 64] Double Attack} Nd5 45. Rxe6 Kf7 46. Ra6 {Accuracy: White = 69%, Black = 32%.} 1-0

[Event "CAT-chT 2020"]
[Site "Catalonia"]
[Date "2020.02.01"]
[Round "3.8"]
[White "Vilar Lopez, Monica"]
[Black "Avila Jimenez, Xavier"]
[Result "0-1"]
[WhiteElo "2065"]
[BlackElo "2170"]
[Annotator "TA"]
[PlyCount "102"]
[EventDate "2020.01.18"]
[EventType "team-tourn"]
[EventCountry "ESP"]
[SourceTitle "playchess.com"]
[Source "ChessBase"]
[SourceQuality "1"]

{[%evp 24,102,0,0,12,0,15,0,0,0,0,-56,-56,-45,-53,-52,0,-7,0,-54,-37,-29,-35,-25,-42,-37,-47,-42,-37,-41,-42,-20,-6,-26,-31,-86,-98,-93,-97,-124,-133,-140,-132,-134,-104,-114,-102,-168,-168,-206,-205,-205,-205,-203,-196,-250,-246,-313,-297,-400,-400,-383,-378,-384,-365,-359,-350,-451,-448,-431,-412,-465,-441,-524,-518,-602,-581,-700,-682,-5785,-5541]} 1. e4 c6 2. d4 d5 3. Nc3 dxe4 4. Nxe4 Bf5 5. Ng3 Bg6 6. h4 h6 7. h5 Bh7 8. Nf3 Nd7 9. Bd3 Bxd3 10. Qxd3 e6 11. Bd2 Ngf6 12. O-O-O Be7 13. Kb1 Qb6 {B19: Classical Caro-Kann: 4...Bf5 main line} 14. Rhe1 c5 15. d5 Nxd5 {The position is equal.} 16. c4 $1 {[%cal Rc4d5]} N5f6 $1 {[#]} ({But not} 16... Bf6 $6 17. b3 $16) 17. Bc3 $146 (17. Nf5 $1 $11 exf5 18. Nh4) ({Predecessor:} 17. Nf5 exf5 18. Nh4 O-O 19. Nxf5 Bd8 20. Bxh6 Nxh5 21. Qxd7 Bf6 22. Bc1 Rad8 23. Qa4 {½-½ (35) Lampert,J (2442)-Abel,D (2446) Germany 2015}) 17... O-O-O $15 18. Nf5 Bf8 19. Ng3 Be7 20. Nf5 $1 $132 {[%cal Rf5e7][%mdl 2048] White has counterplay} Bf8 21. Ng3 $1 Nb8 22. Qxd8+ Qxd8 23. Rxd8+ Kxd8 24. Ne5 Ke8 25. f4 Nbd7 26. f5 Nxe5 $1 27. Bxe5 Kd7 28. fxe6+ fxe6 29. Ne4 ({White should play} 29. Rd1+ $15 Ke8 30. Rd3) 29... Be7 $17 30. Rd1+ Kc6 31. Nf2 Nxh5 32. Nd3 Rd8 33. Kc2 Nf6 34. Re1 Re8 35. Bc3 (35. Nf4 $17) 35... Bd6 $19 36. Ne5+ {[#]} Bxe5 $1 37. Bxe5 {[%mdl 4096] Endgame KRB-KRN} Re7 38. Rd1 {intending Rd6+.} Rd7 39. Re1 (39. Rd3 $142) 39... Ng4 40. Bb8 e5 41. Bxe5 Re7 42. Bg3 Rxe1 43. Bxe1 {KB-KN} Ne3+ 44. Kd3 Nxg2 45. Bg3 g5 46. Ke4 b5 47. cxb5+ Kxb5 {Black is clearly winning.} 48. Kf5 Ne3+ 49. Kg6 a5 50. Bc7 g4 51. Bf4 Nf1 {Accuracy: White = 57%, Black = 93%.} 0-1

[Event "CAT-chT 2020"]
[Site "Catalonia"]
[Date "2020.02.01"]
[Round "3.9"]
[White "Hovakimyan, Narek"]
[Black "Montilla Carrillo, Esteban"]
[Result "1/2-1/2"]
[WhiteElo "2064"]
[BlackElo "2187"]
[Annotator "TA"]
[PlyCount "85"]
[EventDate "2020.01.18"]
[EventType "team-tourn"]
[EventCountry "ESP"]
[SourceTitle "playchess.com"]
[Source "ChessBase"]
[SourceQuality "1"]

{[%evp 13,85,0,10,21,20,8,7,0,8,0,-10,-9,-8,-46,0,-103,-81,-131,-128,-127,-103,-97,-71,-45,-41,-79,-31,-75,-64,-77,-45,-36,-39,-67,-71,-175,-22,-70,-20,-43,-31,-91,-91,-91,-91,-91,-91,-83,-94,-158,-26,-28,-27,-25,-27,-24,-27,-23,-24,-26,-5,-9,-8,-8,0,0,0,0,0,0,0,0,0,0]} 1. e4 c5 2. Nf3 d6 3. Nc3 Nf6 4. d4 cxd4 5. Nxd4 a6 6. Bc4 e6 7. Bb3 Qc7 8. Be3 {B86: Sicilian Scheveningen/Najdorf: 6 Bc4, without early ...b5} Nbd7 9. O-O Nc5 10. f3 Be7 11. Qe2 O-O 12. Rfd1 b5 {[%cal Bb7b5,Bb5b4][%mdl 32]} 13. Qf2 Bb7 {[#]} 14. a4 $146 (14. Rac1 $11 {keeps the balance.}) ({Predecessor:} 14. Qg3 Rac8 15. Bh6 Ne8 16. Be3 Bf6 17. Nce2 Nxb3 18. cxb3 Be5 19. Qh4 Nf6 20. Rac1 {0-1 (41) Rueberg,M (1758)-Rehder,J (2135) DESC email 2002}) 14... b4 $1 $17 {[%cal Rb4c3]} 15. Na2 d5 16. exd5 Nxb3 ({Worse is} 16... exd5 17. Nf5 $16) 17. Nxb3 Nxd5 (17... Bd6 {looks sharper.} 18. g3 Bxd5 19. Nac1 Rfe8 20. Nd3 e5) 18. Bc5 Rac8 19. Bxe7 Qxe7 20. Rd4 Ba8 21. Qd2 {[%cal Ra2b4]} Rb8 22. Re1 Rfd8 23. Rd1 Rdc8 24. Qd3 (24. Nac1 $17) 24... Rb6 $2 (24... e5 $1 $19 {[%cal Re5d4]} 25. Re1 (25. Rxd5 $2 Bxd5 26. h3 e4 $19) 25... Qd6) 25. a5 Rbc6 26. Rd2 g6 27. c4 (27. Qe2 $15 Qa7 28. Kh1) 27... bxc3 28. Nxc3 Nxc3 29. Rd8+ {[#]} Kg7 $1 30. Rxc8 Rxc8 31. bxc3 {[#]} ({White should play} 31. Rc2) 31... Qa7+ ({Black should try} 31... Bd5 $1 $17 {[%cal Rd5b3]} 32. Qd4+ Kg8) 32. Qd4+ $1 $11 Qxd4+ 33. cxd4 {[%mdl 4096] Endgame KRB-KRN} Rc3 34. Nc5 Ra3 35. Nxa6 Rxa5 36. Nc5 e5 37. Ne4 {The position is equal.} f5 38. Ng3 Rd5 39. Ne2 Bb7 40. Rb2 Ba6 41. dxe5 Rxe5 42. Kf2 Ra5 43. h3 {Accuracy: White = 69%, Black = 74%.} 1/2-1/2